000 00569nam a2200229Ia 4500
003 OSt
005 20221005123851.0
006 a|||||r|||| 00| 0
007 ta
008 221004b |||||||| |||| 00| 0 eng d
024 _a39961
037 _cTextual
040 _aCRL
_cCRL
_beng
041 _2eng
_aeng
082 _aO:3N222:1, K9
100 _aDrummond Ivor
_9634339
245 0 _aMan with the tiny head
260 _c1969
650 _aENGLISH LITERATURE
942 _hO:3N222:1, K9
_cTEXL
_2cc
999 _c1048739
_d1048739